000 00810nam a2200277 i 4500
001 bg
100 1 _aZBORALSKI, Marek
245 1 0 _aNazwy firm i produktów /
_cMarek Zboralski.
260 _aWarszawa :
_bPolskie Wydaw. Ekonomiczne,
_c2000.
300 _a276 s. ;
_c21 cm.
490 1 _aMarketing bez Tajemnic
504 _aBibliogr.
650 9 _aFirma (nazwa)
650 9 _aMarketing
_xzagadnienia
650 9 _aTowary
_xzagadnienia
655 _aPoradniki
830 _aMarketing bez Tajemnic
020 _a8320812755
040 _cBPK
041 0 _apl
080 _a339.138:339.165.5](083.1)
920 _a83-208-1275-5
942 _cKS
008 s pl f |000 0 pol
999 _c39698
_d39698
856 _uhttp://koha.tu.koszalin.pl/cgi-bin/koha/opac-detail.pl?biblionumber=39698
_yKatalog online BPK